[Event "GBR-ch 103th"]
[Site "Bournemouth"]
[Date "2016.08.04"]
[Round "10.28"]
[White "Wall, Tim P"]
[Black "Simons, Martin J"]
[Result "1-0"]
[WhiteElo "2162"]
[BlackElo "2015"]
[PlyCount "99"]
[EventDate "2016.07.25"]
[EventType "swiss"]
[EventRounds "11"]
[EventCountry "GBR"]

1. d4 c5 2. c3 Nf6 3. Nf3 b6 4. Bf4 g6 5. e3 Bg7 6. Bc4 d5 7. Bb5+ Bd7 8. Bd3
Nc6 9. h3 O-O 10. O-O Bc8 11. Nbd2 Bb7 12. Bh2 Nd7 13. Qe2 e5 14. dxe5 Ndxe5
15. Nxe5 Nxe5 16. Bxe5 Bxe5 17. Nf3 Bg7 18. Ba6 Bc6 19. Bb5 Qd7 20. a4 a6 21.
Bxc6 Qxc6 22. Rfd1 Rfd8 23. Qd3 Bf6 24. Rd2 Kg7 25. Qc2 b5 26. Qd1 Rab8 27.
axb5 axb5 28. Rc1 b4 29. c4 dxc4 30. Rxc4 Rxd2 31. Qxd2 Qa4 32. Qd6 Rc8 33. e4
Qc6 34. Qd2 Qe6 35. Qc2 Rd8 36. b3 Bc3 37. Rxc5 Ra8 38. Rd5 Re8 39. Ng5 Qf6 40.
Qd3 h6 41. Nf3 Qf4 42. e5 Bxe5 43. g3 Qc1+ 44. Kg2 Bf6 45. Qb5 Ra8 46. Rd7 Ra1
47. g4 Qf4 48. Qd5 Bc3 49. Nd4 Re1 50. Nf5+ 1-0

[Event "GBR-ch 103th"]
[Site "Bournemouth"]
[Date "2016.08.04"]
[Round "10.29"]
[White "Starley, Robert"]
[Black "Hackner, Oskar A"]
[Result "0-1"]
[WhiteElo "2001"]
[BlackElo "2156"]
[PlyCount "98"]
[EventDate "2016.07.25"]
[EventType "swiss"]
[EventRounds "11"]
[EventCountry "GBR"]

1. e4 e6 2. d4 d5 3. Nc3 Nf6 4. e5 Nfd7 5. f4 c5 6. Nf3 Nc6 7. Be3 Be7 8. Qd2
a6 9. Be2 b5 10. a3 O-O 11. O-O Qb6 12. dxc5 Bxc5 13. Bxc5 Qxc5+ 14. Kh1 Rb8
15. Qd3 Qe7 16. Ng5 g6 17. Qh3 f5 18. Bf3 Nb6 19. g4 Nxe5 20. Nxd5 Nxd5 21.
Bxd5 Bb7 22. Bxb7 Qxb7+ 23. Kg1 Nxg4 24. Qb3 Qb6+ 25. Kh1 Rfe8 26. Rae1 Qc6+
27. Rf3 Rb6 28. h3 h6 29. Nxe6 Rxe6 30. hxg4 fxg4 31. Rxe6 Qxe6 32. Rc3 Qxb3
33. cxb3 Kf7 34. Kg2 h5 35. Kg3 Kf6 36. Rc5 Rd6 37. b4 Rd3+ 38. Kg2 Rb3 39.
Rc6+ Kf5 40. Rxa6 Rxb2+ 41. Kg1 h4 42. Rb6 Kxf4 43. Rd6 h3 44. Rd4+ Kg3 45.
Rd3+ Kh4 46. Rd1 h2+ 47. Kh1 Kh3 48. a4 g3 49. a5 g2# 0-1

[Event "GBR-ch 103th"]
[Site "Bournemouth"]
[Date "2016.08.04"]
[Round "10.30"]
[White "Golding, Alex"]
[Black "Smith, Andrew P"]
[Result "0-1"]
[WhiteElo "1961"]
[BlackElo "2145"]
[PlyCount "98"]
[EventDate "2016.07.25"]
[EventType "swiss"]
[EventRounds "11"]
[EventCountry "GBR"]

1. d4 Nf6 2. Nf3 e6 3. c4 b6 4. Nc3 Bb4 5. a3 Bxc3+ 6. bxc3 Bb7 7. Nd2 c5 8.
Qc2 Nc6 9. e3 d5 10. cxd5 exd5 11. Be2 O-O 12. O-O Rc8 13. Qd1 Re8 14. Bb2 Rc7
15. Rc1 Qc8 16. Nf3 cxd4 17. cxd4 Ba6 18. Ne5 Bxe2 19. Qxe2 Nxe5 20. dxe5 Ne4
21. Rxc7 Qxc7 22. f3 Nc5 23. Rc1 Qd7 24. Rd1 Qc6 25. Qd2 Rd8 26. Qb4 Qh6 27.
Qd4 Ne6 28. Qc3 Qg5 29. Qd3 h5 30. Bc1 Qxe5 31. Qd2 h4 32. Bb2 Qg5 33. f4 Qg4
34. h3 Qh5 35. Rf1 Nc5 36. Qd4 f6 37. Rf3 Qf5 38. Qd1 Ne4 39. Bd4 Rc8 40. Rf1
Rc4 41. Re1 Ng3 42. Qb3 Qe4 43. Qd1 Rc2 44. Qf3 Qxf3 45. gxf3 Ne2+ 46. Kh1 Nxd4
47. exd4 Rc3 48. a4 Rxf3 49. Kg2 Rxf4 0-1

[Event "GBR-ch 103th"]
[Site "Bournemouth"]
[Date "2016.08.04"]
[Round "10.31"]
[White "Klingher, Dominic"]
[Black "Zhu, Richard"]
[Result "0-1"]
[WhiteElo "2117"]
[BlackElo "1905"]
[PlyCount "80"]
[EventDate "2016.07.25"]
[EventType "swiss"]
[EventRounds "11"]
[EventCountry "GBR"]

1. e4 c6 2. d4 d5 3. f3 dxe4 4. fxe4 e5 5. Nf3 Bg4 6. Bc4 Nd7 7. O-O Ngf6 8. c3
Bd6 9. Be3 O-O 10. Nbd2 exd4 11. cxd4 c5 12. d5 Qc7 13. Qe1 Bxf3 14. gxf3 Bxh2+
15. Kg2 Bf4 16. Rh1 Rae8 17. Nf1 a6 18. Qh4 Bxe3 19. Nxe3 Ne5 20. Nf5 Qb6 21.
b3 Ng6 22. Qg5 Qb4 23. d6 b5 24. Bd3 c4 25. Be2 cxb3 26. axb3 Qxb3 27. Rad1 Qb2
28. Kf1 Rd8 29. Rg1 Nh5 30. Rg4 Nf6 31. Rg2 Nd7 32. Ne7+ Kh8 33. Rh2 Nf6 34.
Nxg6+ fxg6 35. Qxg6 Qe5 36. Rh4 Rxd6 37. Rc1 Kg8 38. Qg2 Nxe4 39. Re1 Rg6 40.
Qh3 Nd2+ 0-1

[Event "GBR-ch 103th"]
[Site "Bournemouth"]
[Date "2016.08.04"]
[Round "10.32"]
[White "Hewson, Brian Wr"]
[Black "Miller, Dominic"]
[Result "1/2-1/2"]
[WhiteElo "2082"]
[BlackElo "1783"]
[PlyCount "92"]
[EventDate "2016.07.25"]
[EventType "swiss"]
[EventRounds "11"]
[EventCountry "GBR"]

1. d4 d5 2. c4 c6 3. Nc3 Nf6 4. cxd5 cxd5 5. Bf4 Bf5 6. e3 e6 7. Qb3 Qb6 8.
Qxb6 axb6 9. Bb5+ Nc6 10. Nge2 Bb4 11. O-O Ke7 12. a3 Bd6 13. Bxd6+ Kxd6 14. f3
Ke7 15. Rac1 Rac8 16. Ng3 Bg6 17. Rfd1 h5 18. Nge2 Rhd8 19. Nf4 Bf5 20. Na4 Nd7
21. Nxh5 g5 22. Ng3 Bg6 23. e4 f5 24. exd5 exd5 25. Ne2 f4 26. Rc3 Ncb8 27.
Rdc1 Rxc3 28. Rxc3 Kd6 29. h4 gxh4 30. Nxf4 Bf5 31. Kf2 Rh8 32. Rc1 Nc6 33. Nc3
Nf6 34. Nce2 Na5 35. Bd3 Bxd3 36. Nxd3 Nc4 37. Rh1 Rh6 38. Nef4 Nh7 39. a4 Ng5
40. Nh3 Ne6 41. b3 Na5 42. Ne5 Rh5 43. b4 Nb3 44. Nd3 Nbxd4 45. Nhf4 Rh6 46.
Nxe6 Nxe6 1/2-1/2

[Event "GBR-ch 103th"]
[Site "Bournemouth"]
[Date "2016.08.04"]
[Round "10.33"]
[White "Kalaiyalahan, Akshaya"]
[Black "Elwin, Adrian G"]
[Result "0-1"]
[WhiteElo "2288"]
[BlackElo "1992"]
[PlyCount "102"]
[EventDate "2016.07.25"]
[EventType "swiss"]
[EventRounds "11"]
[EventCountry "GBR"]

1. d4 Nf6 2. c4 g6 3. g3 Bg7 4. Bg2 d6 5. Nc3 O-O 6. Nf3 c6 7. O-O Nbd7 8. e4
e5 9. h3 a6 10. Be3 b5 11. c5 b4 12. Na4 d5 13. Bg5 dxe4 14. Nxe5 Nxe5 15. dxe5
Qxd1 16. Rfxd1 Nd7 17. Bxe4 Nxe5 18. Be7 Re8 19. Nb6 Ra7 20. Bd6 Bxh3 21. f4
Bg4 22. fxe5 Bxd1 23. Rxd1 Bxe5 24. Bxc6 Rd8 25. Rd5 Bxb2 26. Ba4 Ba3 27. c6
Rxd6 28. Rxd6 b3 29. Rd8+ Kg7 30. Nc4 bxa2 31. Rd1 Bc5+ 32. Kf1 Bd4 33. Nd6
a1=Q 34. Rxa1 Bxa1 35. c7 Rxc7 36. Ne8+ Kh6 37. Nxc7 Be5 38. Nxa6 Bxg3 39. Kg2
Bd6 40. Bc2 Kg5 41. Kf3 f5 42. Bd3 h5 43. Bc4 Kf6 44. Be2 h4 45. Kg2 g5 46. Kh3
Ke5 47. Kg2 g4 48. Kg1 Kf4 49. Bd3 h3 50. Bf1 Kf3 51. Bc4 g3 0-1

[Event "GBR-ch 103th"]
[Site "Bournemouth"]
[Date "2016.08.04"]
[Round "10.34"]
[White "Ralphs, Nigel"]
[Black "Birkett, Richard"]
[Result "1/2-1/2"]
[WhiteElo "2000"]
[BlackElo "2053"]
[PlyCount "64"]
[EventDate "2016.07.25"]
[EventType "swiss"]
[EventRounds "11"]
[EventCountry "GBR"]

1. e4 e5 2. Nf3 Nc6 3. Bc4 Nf6 4. d3 Bc5 5. O-O d6 6. c3 Bb6 7. Bb3 Bg4 8. h3
Be6 9. Nbd2 a6 10. Re1 O-O 11. Bc2 Nh5 12. Nf1 Nf4 13. Bxf4 exf4 14. d4 Bd7 15.
Qd2 Qf6 16. N1h2 Rad8 17. Ng4 Bxg4 18. hxg4 g5 19. g3 fxg3 20. Qxg5+ Qxg5 21.
Nxg5 gxf2+ 22. Kxf2 h6 23. Nf3 Kg7 24. Rh1 Rh8 25. Rh5 f6 26. Rah1 Ne5 27. Kg3
Nxf3 28. Kxf3 c5 29. dxc5 dxc5 30. Rd5 Rxd5 31. exd5 Bc7 32. Rd1 Bd6 1/2-1/2

[Event "GBR-ch 103th"]
[Site "Bournemouth"]
[Date "2016.08.04"]
[Round "10.35"]
[White "Britton, Richard L"]
[Black "Brewer, Callum D"]
[Result "1-0"]
[WhiteElo "2188"]
[BlackElo "1988"]
[PlyCount "67"]
[EventDate "2016.07.25"]
[EventType "swiss"]
[EventRounds "11"]
[EventCountry "GBR"]

1. Nf3 Nf6 2. b3 d5 3. Bb2 c6 4. e3 Bg4 5. h3 Bh5 6. g4 Bg6 7. Ne5 Nbd7 8. Nxg6
hxg6 9. Bg2 e6 10. O-O Bd6 11. d3 Qc7 12. Nd2 g5 13. Re1 O-O-O 14. Nf3 Nh7 15.
Bxg7 Rhg8 16. Bb2 f5 17. Nd4 Bh2+ 18. Kf1 Ndf8 19. gxf5 c5 20. Nxe6 Nxe6 21.
fxe6 Rdf8 22. Qg4 Nf6 23. Bxf6 Rxf6 24. Bxd5 Kb8 25. Kg2 Be5 26. Rad1 Rg7 27.
c4 Rh6 28. Rh1 Rf6 29. b4 Rh7 30. bxc5 Qa5 31. Rb1 Qxa2 32. Rhf1 Rf8 33. d4 Bc7
34. Rxb7+ 1-0

[Event "GBR-ch 103th"]
[Site "Bournemouth"]
[Date "2016.08.04"]
[Round "10.36"]
[White "Talbot, Nathan L"]
[Black "Shepherd, Katherine M"]
[Result "1-0"]
[WhiteElo "2108"]
[BlackElo "1932"]
[PlyCount "45"]
[EventDate "2016.07.25"]
[EventType "swiss"]
[EventRounds "11"]
[EventCountry "GBR"]

1. d4 d5 2. Nf3 Nf6 3. e3 Bf5 4. Bd3 Bxd3 5. cxd3 c6 6. Nc3 e6 7. O-O c5 8.
Qa4+ Nbd7 9. e4 cxd4 10. Nxd4 dxe4 11. dxe4 a6 12. Rd1 b5 13. Qc2 Rc8 14. Qe2
Qc7 15. Bg5 Bc5 16. Rac1 Qb6 17. Nb3 e5 18. Nd5 Nxd5 19. Rxd5 O-O 20. Rxd7 Bd6
21. Rd1 Bc5 22. Nxc5 Qxc5 23. Be7 1-0

[Event "GBR-ch 103th"]
[Site "Bournemouth"]
[Date "2016.08.04"]
[Round "10.37"]
[White "Varney, Zoe"]
[Black "De Coverly, Roger D"]
[Result "1-0"]
[WhiteElo "1818"]
[BlackElo "2082"]
[PlyCount "117"]
[EventDate "2016.07.25"]
[EventType "swiss"]
[EventRounds "11"]
[EventCountry "GBR"]

1. e4 e5 2. Nf3 Nc6 3. Bc4 Be7 4. d4 d6 5. dxe5 dxe5 6. Qxd8+ Bxd8 7. Nc3 Nf6
8. Be3 O-O 9. h3 a6 10. O-O-O h6 11. g4 Be7 12. Nd5 Nxd5 13. exd5 e4 14. dxc6
exf3 15. Bd5 b5 16. Bxf3 a5 17. Bf4 Ra7 18. Rd5 b4 19. Re1 Be6 20. Rb5 Rc8 21.
Rb7 Bc5 22. Re5 Bxf2 23. Rxa7 Bxa7 24. Rxa5 Bb6 25. Rb5 g5 26. Bd2 Ra8 27. Bxb4
Rxa2 28. Kb1 Ra6 29. b3 Bd4 30. c3 Bb6 31. Kb2 Ra8 32. c4 Bd4+ 33. Bc3 Bxc3+
34. Kxc3 Re8 35. Re5 Kg7 36. Bd5 Kf6 37. Re3 Rh8 38. Bxe6 fxe6 39. Rd3 h5 40.
Rd7 hxg4 41. hxg4 Ke5 42. Rxc7 Kd6 43. Rg7 Kxc6 44. b4 Rh1 45. b5+ Kd6 46. Rxg5
Rc1+ 47. Kd3 e5 48. Rg6+ Ke7 49. b6 e4+ 50. Kxe4 Rxc4+ 51. Kd5 Rb4 52. g5 Kf7
53. Rf6+ Kg7 54. Kc6 Rc4+ 55. Kb7 Rc5 56. Rc6 Rxg5 57. Kc7 Rf5 58. b7 Rf7+ 59.
Kb6 1-0

[Event "GBR-ch 103th"]
[Site "Bournemouth"]
[Date "2016.08.04"]
[Round "10.38"]
[White "Keely, Leo A"]
[Black "Dilleigh, Stephen P"]
[Result "1-0"]
[WhiteElo "1938"]
[BlackElo "2053"]
[PlyCount "99"]
[EventDate "2016.07.25"]
[EventType "swiss"]
[EventRounds "11"]
[EventCountry "GBR"]

1. e4 e6 2. d4 d5 3. Nc3 Nf6 4. e5 Nfd7 5. Nce2 c5 6. c3 Nc6 7. Nf3 b5 8. g3 b4
9. Bg2 bxc3 10. bxc3 cxd4 11. cxd4 Bb4+ 12. Bd2 Qa5 13. O-O Bxd2 14. Nxd2 Ba6
15. Nb3 Qa3 16. Re1 O-O 17. Nf4 Rfc8 18. Qg4 Nf8 19. Nh5 Ng6 20. h4 Qe7 21.
Rac1 Bc4 22. Rxc4 dxc4 23. Nc5 Rab8 24. Ne4 Nb4 25. Nhf6+ gxf6 26. Nxf6+ Kg7
27. h5 Rh8 28. Qg5 Qd8 29. Rc1 Rc8 30. Bb7 Rb8 31. Be4 Nd5 32. Rxc4 h6 33. Qg4
Nxf6 34. exf6+ Qxf6 35. hxg6 Rhc8 36. gxf7+ Kxf7 37. Ra4 Rc7 38. d5 Rb2 39.
dxe6+ Ke7 40. Bf3 Rb1+ 41. Kg2 Qg5 42. Qe4 Rbc1 43. Qh7+ Ke8 44. Qh8+ Ke7 45.
Rg4 Qb5 46. Rg7+ Kd6 47. Qd8+ Ke5 48. Rg5+ hxg5 49. Qxg5+ Kxe6 50. Qxb5 1-0

[Event "GBR-ch 103th"]
[Site "Bournemouth"]
[Date "2016.08.04"]
[Round "10.39"]
[White "Wager, John D"]
[Black "Modi, Shyam Jagdish"]
[Result "1-0"]
[WhiteElo "2053"]
[BlackElo "1655"]
[PlyCount "43"]
[EventDate "2016.07.25"]
[EventType "swiss"]
[EventRounds "11"]
[EventCountry "GBR"]

1. b3 Nf6 2. Bb2 g6 3. Nf3 Bg7 4. e3 O-O 5. d4 d6 6. c4 Nbd7 7. Nc3 e5 8. Be2
e4 9. Nd2 Re8 10. Qc2 Qe7 11. O-O Nf8 12. b4 h5 13. Rac1 N8h7 14. Nd5 Qd8 15.
Nxf6+ Nxf6 16. Rfe1 Bf5 17. a4 Bh6 18. a5 Ng4 19. Bxg4 Bxg4 20. d5 c6 21. Nxe4
Bf5 22. Qb3 1-0

[Event "GBR-ch 103th"]
[Site "Bournemouth"]
[Date "2016.08.04"]
[Round "10.40"]
[White "Grieve, Harry"]
[Black "Clark, Ian C"]
[Result "1/2-1/2"]
[WhiteElo "1994"]
[BlackElo "1963"]
[PlyCount "82"]
[EventDate "2016.07.25"]
[EventType "swiss"]
[EventRounds "11"]
[EventCountry "GBR"]

1. e4 c5 2. Nc3 Nc6 3. Bb5 Nd4 4. Nf3 g6 5. Nxd4 cxd4 6. Ne2 Bg7 7. c3 e5 8. d3
Ne7 9. O-O a6 10. Ba4 O-O 11. f4 dxc3 12. bxc3 d5 13. fxe5 dxe4 14. d4 b5 15.
Bc2 Bb7 16. Ng3 Rc8 17. Bxe4 Bxe4 18. Nxe4 Nd5 19. Qd3 f5 20. exf6 Bxf6 21.
Nxf6+ Rxf6 22. Bd2 Rfc6 23. Rac1 Qc7 24. Qe4 Qd7 25. Qd3 Qc7 26. Qf3 Qd7 27.
Bh6 Rf6 28. Qg3 Rxf1+ 29. Rxf1 Ne7 30. Qf3 Nf5 31. Bd2 b4 32. cxb4 Qxd4+ 33.
Qf2 Rc2 34. Qxd4 Nxd4 35. Be3 Nf5 36. Bg5 Rxa2 37. g4 h6 38. Bd8 Ne3 39. Rf6
Rg2+ 40. Kh1 Rxg4 41. Rxa6 Rxb4 1/2-1/2

[Event "GBR-ch 103th"]
[Site "Bournemouth"]
[Date "2016.08.04"]
[Round "10.41"]
[White "Golding, James"]
[Black "Dalton, Joseph"]
[Result "0-1"]
[WhiteElo "1991"]
[BlackElo "1928"]
[PlyCount "92"]
[EventDate "2016.07.25"]
[EventType "swiss"]
[EventRounds "11"]
[EventCountry "GBR"]

1. d4 Nf6 2. c4 e6 3. Nf3 b6 4. e3 Bb7 5. Bd3 Be7 6. O-O O-O 7. Nc3 d5 8. b3 c5
9. Bb2 Nc6 10. Qe2 dxc4 11. Bxc4 cxd4 12. Rfd1 Nd5 13. Nxd4 Nxd4 14. Rxd4 Bf6
15. Bxd5 exd5 16. Rdd1 Bxc3 17. Bxc3 Qg5 18. Rd4 f6 19. Qf3 Qe5 20. Rad1 Rac8
21. Ba1 Qe6 22. Rh4 Rf7 23. Bd4 Rc2 24. a4 Qc8 25. g3 Rc1 26. Kg2 Qc2 27. Rxc1
Qxc1 28. Qf5 Ba6 29. h3 Qf1+ 30. Kh2 Bd3 31. Qc8+ Rf8 32. Qe6+ Kh8 33. Rf4 Be4
34. Rxe4 Qxf2+ 35. Kh1 Qf1+ 36. Kh2 Qf2+ 37. Kh1 Qf3+ 38. Kh2 Qxe4 39. Qd7 Qc2+
40. Kg1 Rc8 41. h4 Qc7 42. Qxd5 Qxg3+ 43. Kf1 Rc1+ 44. Ke2 Qe1+ 45. Kd3 Qd1+
46. Ke4 Qh1+ 0-1

[Event "GBR-ch 103th"]
[Site "Bournemouth"]
[Date "2016.08.05"]
[Round "11.2"]
[White "Emms, John M"]
[Black "Howell, David WL"]
[Result "1/2-1/2"]
[WhiteElo "2467"]
[BlackElo "2663"]
[PlyCount "109"]
[EventDate "2016.07.25"]
[EventType "swiss"]
[EventRounds "11"]
[EventCountry "GBR"]

1. e4 e5 2. Nf3 Nc6 3. Bb5 a6 4. Ba4 Nf6 5. O-O Be7 6. d3 b5 7. Bb3 d6 8. a3
O-O 9. Nc3 Nb8 10. Ne2 Nbd7 11. Ng3 Nc5 12. Ba2 Be6 13. Bxe6 Nxe6 14. c3 c5 15.
Re1 Re8 16. d4 Qc7 17. d5 Nf8 18. Nf5 Qd7 19. h3 Ng6 20. Nh2 Bf8 21. Qf3 Ne7
22. Nh6+ gxh6 23. Qxf6 Bg7 24. Qh4 f5 25. Bxh6 Ng6 26. Qh5 Rf8 27. Bxg7 Kxg7
28. a4 Nf4 29. Qf3 bxa4 30. Nf1 Kh8 31. Ng3 fxe4 32. Qxe4 Qf7 33. Rf1 Rab8 34.
Rxa4 Rxb2 35. Rxa6 Qe7 36. Kh2 Rg8 37. Qf5 Qg7 38. Kh1 Rf8 39. Qg4 Qxg4 40.
hxg4 Nxd5 41. Rxd6 Nxc3 42. Rc6 Ne2 43. Nxe2 Rxe2 44. f3 e4 45. Rxc5 exf3 46.
Rxf3 Rg8 47. Rf4 Rge8 48. Kh2 R2e4 49. g3 Re1 50. g5 R1e5 51. Rf5 Rxf5 52. Rxf5
Kg7 53. Kh3 Kg6 54. Kg4 Re6 55. Rf6+ 1/2-1/2

[Event "GBR-ch 103th"]
[Site "Bournemouth"]
[Date "2016.08.05"]
[Round "11.3"]
[White "Palliser, Richard JD"]
[Black "Jones, Gawain CB"]
[Result "0-1"]
[WhiteElo "2422"]
[BlackElo "2650"]
[PlyCount "68"]
[EventDate "2016.07.25"]
[EventType "swiss"]
[EventRounds "11"]
[EventCountry "GBR"]

1. e4 c6 2. d4 d5 3. e5 Bf5 4. Nf3 e6 5. Be2 Nd7 6. O-O h6 7. b3 Ne7 8. c4 Bh7
9. Nc3 Nf5 10. cxd5 cxd5 11. Bb2 Rc8 12. Rc1 a6 13. Bd3 h5 14. Nxd5 Rxc1 15.
Qxc1 exd5 16. Ng5 g6 17. e6 fxe6 18. Nxe6 Bh6 19. Qc3 Qb8 20. Nc7+ Kf7 21. Nxd5
Rc8 22. Bc4 b5 23. Nc7+ bxc4 24. Qxc4+ Kf8 25. Ne6+ Ke8 26. Nc5 Nxc5 27. dxc5
Kf8 28. Qe6 Bg7 29. Ba3 Bd4 30. c6+ Kg7 31. Qd7+ Kh8 32. Rd1 Rc7 33. Rxd4 Rxd7
34. Rxd7 Qc8 0-1

[Event "GBR-ch 103th"]
[Site "Bournemouth"]
[Date "2016.08.05"]
[Round "11.4"]
[White "Tan, Justin"]
[Black "Eggleston, David J"]
[Result "1-0"]
[WhiteElo "2438"]
[BlackElo "2376"]
[PlyCount "109"]
[EventDate "2016.07.25"]
[EventType "swiss"]
[EventRounds "11"]
[EventCountry "GBR"]

1. e4 c5 2. Nf3 d6 3. d4 Nf6 4. Nc3 cxd4 5. Nxd4 a6 6. h3 e5 7. Nde2 h5 8. g3
Be7 9. Bg2 Nbd7 10. a4 b6 11. Nd5 Nxd5 12. Qxd5 Rb8 13. Nc3 Nf6 14. Qd3 O-O 15.
O-O Bb7 16. Bg5 Ne8 17. Be3 h4 18. Rad1 hxg3 19. fxg3 Bg5 20. Bf2 Rc8 21. Kh2
g6 22. Bg1 Kg7 23. Be3 Bxe3 24. Qxe3 Rc5 25. Rf2 Rc8 26. Rdf1 Bc6 27. h4 Bd7
28. Nd5 Be6 29. Nxb6 Rb8 30. a5 Rh8 31. Bh3 Rb7 32. Bxe6 fxe6 33. Kg2 Qc7 34.
b4 Qc6 35. c4 Re7 36. Kg1 Rb7 37. Rf3 Rc7 38. Kh2 Rb7 39. Kh3 Rc7 40. g4 Rb7
41. Kg3 Qc7 42. Qf2 d5 43. Rf8 Qe7 44. Rxh8 Kxh8 45. Qf8+ Kh7 46. exd5 Nd6 47.
Qxe7+ Rxe7 48. c5 Ne4+ 49. Kg2 exd5 50. Nxd5 Rd7 51. Re1 Rxd5 52. Rxe4 Rd2+ 53.
Kf3 Rd3+ 54. Ke2 Rb3 55. Rc4 1-0

[Event "GBR-ch 103th"]
[Site "Bournemouth"]
[Date "2016.08.05"]
[Round "11.5"]
[White "Storey, Charles H"]
[Black "Hebden, Mark L"]
[Result "0-1"]
[WhiteElo "2256"]
[BlackElo "2509"]
[PlyCount "96"]
[EventDate "2016.07.25"]
[EventType "swiss"]
[EventRounds "11"]
[EventCountry "GBR"]

1. c4 g6 2. g3 Bg7 3. Bg2 Nf6 4. Nc3 O-O 5. Nf3 d6 6. O-O Nc6 7. d3 e5 8. Rb1
a5 9. a3 Nd4 10. e3 Nxf3+ 11. Bxf3 c6 12. d4 Bf5 13. e4 Bh3 14. dxe5 dxe5 15.
Re1 Qxd1 16. Rxd1 a4 17. Be3 Be6 18. Be2 Rfe8 19. Rd2 h5 20. f3 Kh7 21. Bd1
Bxc4 22. Nxa4 Rad8 23. b3 Rxd2 24. Bxd2 Rd8 25. Bc3 Rxd1+ 26. Rxd1 Bxb3 27. Rb1
Bxa4 28. Rxb7 g5 29. Rxf7 Kg6 30. Ra7 Bd1 31. Bxe5 Bxf3 32. Re7 c5 33. a4 Bh8
34. Rb7 Bxe4 35. Rb8 Bg7 36. Bc3 g4 37. Rc8 Bh6 38. Kf1 Be3 39. Bxf6 Kxf6 40.
a5 Bd3+ 41. Ke1 Ke5 42. Re8+ Kd4 43. Ra8 c4 44. a6 c3 45. a7 c2 46. Rd8+ Kc3
47. Rc8+ Bc4 48. a8=N c1=R# 0-1

[Event "GBR-ch 103th"]
[Site "Bournemouth"]
[Date "2016.08.05"]
[Round "11.6"]
[White "Ward, Chris G"]
[Black "Pert, Nicholas"]
[Result "1/2-1/2"]
[WhiteElo "2437"]
[BlackElo "2570"]
[PlyCount "144"]
[EventDate "2016.07.25"]
[EventType "swiss"]
[EventRounds "11"]
[EventCountry "GBR"]

1. d4 Nf6 2. c4 e6 3. Nc3 Bb4 4. Nf3 d5 5. cxd5 exd5 6. Qa4+ Nc6 7. Bg5 h6 8.
Bxf6 Qxf6 9. e3 O-O 10. Be2 a6 11. a3 Bxc3+ 12. bxc3 b5 13. Qd1 Bg4 14. O-O Na5
15. Ne5 Bxe2 16. Qxe2 Qd6 17. a4 Nc4 18. Nd3 c6 19. Nc5 a5 20. axb5 cxb5 21. g3
Qc6 22. Rfb1 Rfb8 23. Rb3 Rb6 24. Rab1 Rab8 25. Qd3 Nd6 26. Ra1 Ra8 27. Rab1
Rab8 28. Ra1 Nc4 29. Qf5 Nd2 30. Rb2 Nc4 31. Rb3 Rd8 32. Kg2 Qe8 33. Qd3 g6 34.
Ra2 Kg7 35. Rb1 Qc6 36. Kg1 Ra8 37. h4 h5 38. Kg2 Re8 39. Rba1 Ra8 40. Rb1 Rbb8
41. Rba1 Ra7 42. Rb1 Re8 43. Rba1 Qd6 44. Rb1 Rae7 45. Re2 Qc6 46. Rb3 Nd6 47.
Rb1 Nc4 48. Kh2 a4 49. Kg2 Nd6 50. Rb4 Nc4 51. Rb1 Kh6 52. Rb4 f5 53. Rb1 a3
54. Qc2 Nd6 55. Qb3 f4 56. gxf4 Qc8 57. Qxd5 Qg4+ 58. Kf1 Qxh4 59. Qg2 Kh7 60.
Ra1 Nc4 61. Nd3 Rxe3 62. fxe3 Nxe3+ 63. Rxe3 Rxe3 64. Nf2 Qxf4 65. Rxa3 Rg3 66.
Ra7+ Kh6 67. Qe4 Qc1+ 68. Ke2 Qb2+ 69. Kf1 Qc1+ 70. Ke2 Qb2+ 71. Kf1 Qc1+ 72.
Ke2 Qb2+ 1/2-1/2

[Event "GBR-ch 103th"]
[Site "Bournemouth"]
[Date "2016.08.05"]
[Round "11.7"]
[White "Fodor, Tamas Jr"]
[Black "Arkell, Keith C"]
[Result "1-0"]
[WhiteElo "2505"]
[BlackElo "2455"]
[PlyCount "67"]
[EventDate "2016.07.25"]
[EventType "swiss"]
[EventRounds "11"]
[EventCountry "GBR"]

1. d4 d5 2. c4 c6 3. Nc3 Nf6 4. Nf3 g6 5. cxd5 cxd5 6. Bf4 Nc6 7. e3 Bg7 8. h3
O-O 9. Bd3 b6 10. O-O Bb7 11. Rc1 a6 12. Ne5 Nxe5 13. Bxe5 Nd7 14. Bxg7 Kxg7
15. Qb3 e6 16. Na4 Rb8 17. Qa3 Re8 18. f4 Qe7 19. Rc7 Qxa3 20. bxa3 Red8 21.
Rb1 b5 22. Nc3 Bc8 23. a4 b4 24. Ne2 Kf8 25. Nc1 Ke7 26. Nb3 Kd6 27. Rbc1 h6
28. h4 g5 29. hxg5 hxg5 30. fxg5 Rg8 31. Na5 Ra8 32. Kf2 Ke7 33. Nc6+ Kd6 34.
Na7 1-0

[Event "GBR-ch 103th"]
[Site "Bournemouth"]
[Date "2016.08.05"]
[Round "11.8"]
[White "Gormally, Daniel W"]
[Black "Batchelor, Peter J"]
[Result "1-0"]
[WhiteElo "2494"]
[BlackElo "2341"]
[PlyCount "97"]
[EventDate "2016.07.25"]
[EventType "swiss"]
[EventRounds "11"]
[EventCountry "GBR"]

1. d4 d5 2. c4 e6 3. Nf3 Nf6 4. g3 Be7 5. Bg2 O-O 6. Nbd2 Nbd7 7. O-O b6 8.
cxd5 exd5 9. Ne5 Bb7 10. Ndf3 Bd6 11. Bf4 Ne4 12. Rc1 c5 13. Qa4 Nxe5 14. dxe5
Be7 15. Rcd1 Qe8 16. Qb3 Rd8 17. Ne1 Bc6 18. Qc2 c4 19. Nf3 Bc5 20. e3 Ba4 21.
b3 cxb3 22. axb3 Bb5 23. Rd3 Bxd3 24. Qxd3 a5 25. h4 a4 26. bxa4 Qxa4 27. Bg5
f6 28. exf6 gxf6 29. Bh6 Rfe8 30. Nd4 Bxd4 31. exd4 f5 32. Bh3 Qc6 33. Bf4 Qc4
34. Qf3 Qxd4 35. Bxf5 Kh8 36. Rc1 Re7 37. Be3 Qe5 38. Rd1 d4 39. Bxe4 Ree8 40.
Bg5 Rf8 41. Qd3 Rd7 42. Kg2 b5 43. Rb1 Rdf7 44. f3 Rg7 45. Rxb5 Qe6 46. Qxd4 h6
47. Rb6 Qa2+ 48. Bd2 Rfg8 49. Rxh6# 1-0

[Event "GBR-ch 103th"]
[Site "Bournemouth"]
[Date "2016.08.05"]
[Round "11.9"]
[White "Wells, Peter K"]
[Black "Willmoth, Robert F"]
[Result "1-0"]
[WhiteElo "2419"]
[BlackElo "2189"]
[PlyCount "37"]
[EventDate "2016.07.25"]
[EventType "swiss"]
[EventRounds "11"]
[EventCountry "GBR"]

1. d4 d6 2. e4 Nf6 3. Nc3 g6 4. f4 Bg7 5. Nf3 O-O 6. Bd3 Na6 7. O-O c5 8. d5
Rb8 9. f5 gxf5 10. Nh4 c4 11. Bxc4 Nxe4 12. Nxe4 fxe4 13. Nf5 Bxf5 14. Rxf5 Kh8
15. Qg4 Qb6+ 16. Kh1 e6 17. Rh5 Qd4 18. dxe6 Qxc4 19. Qf5 1-0

[Event "GBR-ch 103th"]
[Site "Bournemouth"]
[Date "2016.08.05"]
[Round "11.10"]
[White "Lentzos, Ioannis"]
[Black "Houska, Jovanka"]
[Result "0-1"]
[WhiteElo "2016"]
[BlackElo "2386"]
[PlyCount "48"]
[EventDate "2016.07.25"]
[EventType "swiss"]
[EventRounds "11"]
[EventCountry "GBR"]

1. c4 c6 2. Nc3 d5 3. e3 Nf6 4. Nf3 a6 5. b3 Bf5 6. Bb2 e6 7. Be2 h6 8. O-O
Nbd7 9. Rc1 Bd6 10. Nd4 Bh7 11. f4 O-O 12. f5 c5 13. Nc2 Bxf5 14. cxd5 Qc7 15.
h3 Bg6 16. dxe6 fxe6 17. d4 Rad8 18. Bc4 Rde8 19. Bd3 Bh2+ 20. Kh1 Nh5 21. Rf3
Rxf3 22. gxf3 Qg3 23. Bxg6 Qxh3 24. Ne4 Ng3+ 0-1

[Event "GBR-ch 103th"]
[Site "Bournemouth"]
[Date "2016.08.05"]
[Round "11.11"]
[White "Claridge-Hansen, William"]
[Black "Graham, David B"]
[Result "1-0"]
[WhiteElo "2299"]
[BlackElo "2152"]
[PlyCount "80"]
[EventDate "2016.07.25"]
[EventType "swiss"]
[EventRounds "11"]
[EventCountry "GBR"]

1. c4 g6 2. g3 Bg7 3. Bg2 d6 4. Nc3 c5 5. Nf3 Nc6 6. O-O e5 7. a3 Nge7 8. b4
O-O 9. Rb1 cxb4 10. axb4 Be6 11. d3 h6 12. b5 Na5 13. Ba3 b6 14. Bb4 f5 15. Nd2
Rc8 16. Qa4 e4 17. Qa3 Rf7 18. Rfc1 Bd4 19. Nd1 exd3 20. Qxd3 Bc5 21. Bxa5 bxa5
22. Nc3 f4 23. Nce4 fxg3 24. hxg3 Bf5 25. e3 a4 26. Ra1 Qa5 27. Nb3 Qb4 28.
Nbxc5 dxc5 29. Qc3 Bxe4 30. Bxe4 Rcf8 31. f3 Nf5 32. Bd5 Nxg3 33. Qxb4 cxb4 34.
Kf2 Nf5 35. Rxa4 Kg7 36. Bxf7 Rxf7 37. Rxb4 Nh4 38. f4 g5 39. c5 Ng6 40. b6 Ne5
1-0